Vietnam : The politics of bureaucratic socialism
Here is the first scholarly book-length analysis of Communist Vietnam's political system. Taking advantage of the unprecedented wealth of revealing documentary material published in Vietnam since 1985, Gareth Porter offers new insights into the functioning of the Socialist Republic of Vietnam a...
Guardado en:
| Autor principal: | |
|---|---|
| Formato: | Libro |
| Lenguaje: | Undetermined |
| Publicado: |
Ithaca, N.Y.
Cornell University Press
1993
|
| Materias: | |
| Etiquetas: |
Agregar Etiqueta
Sin Etiquetas, Sea el primero en etiquetar este registro!
|
| Thư viện lưu trữ: | Trung tâm Học liệu Trường Đại học Cần Thơ |
|---|
| LEADER | 01165nam a2200217Ia 4500 | ||
|---|---|---|---|
| 001 | CTU_219781 | ||
| 008 | 210402s9999 xx 000 0 und d | ||
| 082 | |a 959.7044 | ||
| 082 | |b P844 | ||
| 100 | |a Porter, Gareth | ||
| 245 | 0 | |a Vietnam : | |
| 245 | 4 | |b The politics of bureaucratic socialism | |
| 245 | 0 | |c Gareth Porter | |
| 260 | |a Ithaca, N.Y. | ||
| 260 | |b Cornell University Press | ||
| 260 | |c 1993 | ||
| 520 | |a Here is the first scholarly book-length analysis of Communist Vietnam's political system. Taking advantage of the unprecedented wealth of revealing documentary material published in Vietnam since 1985, Gareth Porter offers new insights into the functioning of the Socialist Republic of Vietnam and its management of the Vietnamese economy and society. He examines the evolution of the system from the time the Democratic Republic of Vietnam was founded in 1945 through the 1986-1990 period of economic liberalization and cautious political reform by the successor regime, the SRV. | ||
| 650 | |a Việt Nam | ||
| 650 | |x Chính trị và pháp quyền | ||
| 904 | |i Trúc | ||
| 980 | |a Trung tâm Học liệu Trường Đại học Cần Thơ | ||